| LEADER |
00786nam0a2200205 450 |
| 001 |
16816560 |
| 010 |
|
|
|a 978-2-205-07006-4
|b rel.
|d 16,95
|
| 100 |
|
|
|a 20130819d2026 u u0frey01 ba
|
| 101 |
0 |
|
|a fre
|
| 102 |
|
|
|a FR
|
| 200 |
0 |
|
|a Tyler Cross
|f scénario, Fabien Nury
|g dessin, Brüno - couleur, Laurence Croix - dessin, Brüno - couleur, Laurence Croix
|
| 207 |
|
1 |
|a
|
| 210 |
|
|
|a Neuilly
|b 12 Rue Blaise Pascal.
|c Dargaud
|d DL 2013
|
| 215 |
|
|
|a 1 vol. (91 p.-[4] p.)
|c ill. en coul., couv. ill. en coul.
|d 32 cm
|
| 461 |
|
0 |
|t Tyler Cross
|v 1
|
| 700 |
|
0 |
|a Nury
|b Fabien
|f 1976-...
|4 70
|
| 702 |
|
0 |
|a Brüno
|f 1975-....
|4 440
|
| 900 |
|
|
|a Bandes déssinées ADULTE
|
| 901 |
|
|
|a Accessible au prêt
|
| 995 |
|
|
|a Bibliothèque
|c Bibliothèque
|f 024014115
|h 024014115
|k BDA NUR
|o p
|q a
|r az
|e Bibliothèque
|